000 01302nam a22003497a 4500
003 CHAP
005 20220329134123.0
008 971013s1977 r 00010 d
010 _a15707
011 _a16679
035 _a20761
040 _cCHAP
090 _aTesis
100 0 0 _aGuardado Almaguer, Rafael Eduardo.
_951011
245 _aDeterminación de deficiencias y toxicidades minerales del ganado bovino en pastoreo en el estado de Nuevo León, Dr. González, N.L. (invierno) I. Determinación de niveles
260 _aMonterrey, N.L., :
_bEl autor,
_c1977
300 _a85 h
502 _aTesis (Ing. Agrónomo Zootecnista) -- ITESM. Div. de Ciencias Agropecuarias y Marítimas
590 _aALEPH
_b10
_c20130110
_lUCH01
_h1237
590 _aBATCH-UPD
_b10
_c20130110
_lUCH01
_h0926
590 _aBATCH-UPD
_b10
_c20130410
_lUCH01
_h0547
590 _aBATCH-UPD
_b10
_c20130914
_lUCH01
_h1528
590 _aCONVERSION
_b10
_c20130109
_lUCH01
_h1310
650 1 4 _aAnimales
_xDeficiencias nutritivas.
_95858
650 1 4 _aGanado vacuno
_xNuevo León.
_945497
650 1 4 _aGanado vacuno
_xNutrición.
_945498
650 1 4 _aMinerales en nutrición animal.
_975937
650 1 4 _aToxicología veterinaria.
_9114457
901 _aBK
942 _cTESIS
949 _bBC
_cTES
_d-48366
_eTS1
_i20761
_si
999 _c15707
_d15707